|
|
|
|
| LEADER |
02874nam a22005295i 4500 |
| 001 |
978-3-642-40421-4 |
| 003 |
DE-He213 |
| 005 |
20151204165136.0 |
| 007 |
cr nn 008mamaa |
| 008 |
131119s2014 gw | s |||| 0|eng d |
| 020 |
|
|
|a 9783642404214
|9 978-3-642-40421-4
|
| 024 |
7 |
|
|a 10.1007/978-3-642-40421-4
|2 doi
|
| 040 |
|
|
|d GrThAP
|
| 050 |
|
4 |
|a QD450-801
|
| 072 |
|
7 |
|a PNRP
|2 bicssc
|
| 072 |
|
7 |
|a SCI013050
|2 bisacsh
|
| 082 |
0 |
4 |
|a 541.2
|2 23
|
| 100 |
1 |
|
|a Zhang, Igor Ying.
|e author.
|
| 245 |
1 |
2 |
|a A New-Generation Density Functional
|h [electronic resource] :
|b Towards Chemical Accuracy for Chemistry of Main Group Elements /
|c by Igor Ying Zhang, Xin Xu.
|
| 264 |
|
1 |
|a Berlin, Heidelberg :
|b Springer Berlin Heidelberg :
|b Imprint: Springer,
|c 2014.
|
| 300 |
|
|
|a IX, 110 p. 31 illus., 15 illus. in color.
|b online resource.
|
| 336 |
|
|
|a text
|b txt
|2 rdacontent
|
| 337 |
|
|
|a computer
|b c
|2 rdamedia
|
| 338 |
|
|
|a online resource
|b cr
|2 rdacarrier
|
| 347 |
|
|
|a text file
|b PDF
|2 rda
|
| 490 |
1 |
|
|a SpringerBriefs in Molecular Science,
|x 2191-5407
|
| 505 |
0 |
|
|a An overview of modern density functional theory (DFT) -- A new generation of doubly hybrid density functionals (DHDFs) -- Benchmarking the performance of DHDFs for the main group chemistry -- XYG3 results for some selected applications -- Concluding remarks.
|
| 520 |
|
|
|a A New-Generation Density Functional: Towards Chemical Accuracy for Chemistry of Main Group Elements covers the most recent progress in the development of a new generation of density functional theory (DFT) for accurate descriptions of thermochemistry, thermochemical kinetics, and nonbonded interactions of main group molecules. In this book, the authors present the doubly hybrid density functionals (DHDFs), which dramatically improve the accuracy for predictions of critical properties by including the role of the virtual (unoccupied) orbitals. The authors not only discuss the theoretical bases of three classes of DHDFs but also demonstrate their performance using some well-established benchmarking data sets.
|
| 650 |
|
0 |
|a Chemistry.
|
| 650 |
|
0 |
|a Chemoinformatics.
|
| 650 |
|
0 |
|a Chemistry, Physical and theoretical.
|
| 650 |
|
0 |
|a Bioinformatics.
|
| 650 |
|
0 |
|a Computational biology.
|
| 650 |
|
0 |
|a Quantum physics.
|
| 650 |
1 |
4 |
|a Chemistry.
|
| 650 |
2 |
4 |
|a Theoretical and Computational Chemistry.
|
| 650 |
2 |
4 |
|a Quantum Physics.
|
| 650 |
2 |
4 |
|a Computer Appl. in Life Sciences.
|
| 650 |
2 |
4 |
|a Computer Applications in Chemistry.
|
| 700 |
1 |
|
|a Xu, Xin.
|e author.
|
| 710 |
2 |
|
|a SpringerLink (Online service)
|
| 773 |
0 |
|
|t Springer eBooks
|
| 776 |
0 |
8 |
|i Printed edition:
|z 9783642404207
|
| 830 |
|
0 |
|a SpringerBriefs in Molecular Science,
|x 2191-5407
|
| 856 |
4 |
0 |
|u http://dx.doi.org/10.1007/978-3-642-40421-4
|z Full Text via HEAL-Link
|
| 912 |
|
|
|a ZDB-2-CMS
|
| 950 |
|
|
|a Chemistry and Materials Science (Springer-11644)
|